000 00343nam a2200133Ia 4500
008 231017s9999 xx 000 0 und d
082 _a620.1960287
082 _bARN
245 0 _aPerformance Tests for Road Aggregates and Alternative Materials
245 0 _cDr. Greg Arnold
260 _bDr. Greg Arnold
300 _c30cm
942 _cREP
999 _c604001
_d604001